Southville International School and Colleges
Your cart is empty.
  • Cart
  • Lists
    Public lists Eva Luna New books Lux_list list_1
    Your lists Log in to create your own lists
  • Log in to your account
  • Your cookies
  • Search history
Southville International School and Colleges
  • Advanced search
  • Recent comments
  • Most popular
  • Libraries

Log in to your account

Log in with GOOGLE


If you do not have an external account, but do have a local account, you can still log in:

  1. Home
  2. MARC view: Community/public health nursing :
Normal view MARC view ISBD view

Community/public health nursing : (Record no. 366773)

[ view plain ]
MARC details
000 -LEADER
fixed length control field 00750nam a22002297a 4500
003 - CONTROL NUMBER IDENTIFIER
control field 0
005 - DATE AND TIME OF LATEST TRANSACTION
control field 20241119144706.0
008 - FIXED-LENGTH DATA ELEMENTS--GENERAL INFORMATION
fixed length control field 241119b xxu||||| |||| 00| 0 eng d
020 ## - INTERNATIONAL STANDARD BOOK NUMBER
International Standard Book Number 9780323795319
050 ## - LIBRARY OF CONGRESS CALL NUMBER
Classification number RT 98
Item number .N54 2024
100 ## - MAIN ENTRY--PERSONAL NAME
Personal name Nies, Mary A.,
Relator term author.
245 ## - TITLE STATEMENT
Title Community/public health nursing :
Remainder of title promoting the health of populations /
Statement of responsibility, etc Mary A. Nies, Melanie McEwen.
250 ## - EDITION STATEMENT
Edition statement 8th ed.
260 ## - PUBLICATION, DISTRIBUTION, ETC. (IMPRINT)
Place of publication, distribution, etc St. Louis, Missouri :
Name of publisher, distributor, etc Elsevier,
Date of publication, distribution, etc 2024.
300 ## - PHYSICAL DESCRIPTION
Extent xv, 780 p. :
Other physical details col. ill. ;
Dimensions 28 cm.
504 ## - BIBLIOGRAPHY, ETC. NOTE
Bibliography, etc Includes bibliographical references and index.
650 ## - SUBJECT ADDED ENTRY--TOPICAL TERM
Topical term or geographic name as entry element Community health nursing.
650 ## - SUBJECT ADDED ENTRY--TOPICAL TERM
Topical term or geographic name as entry element Health promotion.
650 ## - SUBJECT ADDED ENTRY--TOPICAL TERM
Topical term or geographic name as entry element Public health nursing.
700 ## - ADDED ENTRY--PERSONAL NAME
Personal name McEwen, Melanie,
Relator term author.
942 ## - ADDED ENTRY ELEMENTS (KOHA)
Source of classification or shelving scheme Library of Congress Classification
Koha item type Books
Holdings
Withdrawn status Lost status Source of classification or shelving scheme Damaged status Home library Current library Shelving location Date acquired Source of acquisition Sub Shelving location Total Checkouts Full call number Barcode Date last seen Price effective from Koha item type
    Library of Congress Classification   College Library College Library Reserve Section 11/19/2024 Library Fund     RT 98 .N54 2024 C24058 11/19/2024 11/19/2024 Books

Community/public health nursing :

APA

Nies M. A., McEwen M., . (2024). Community/public health nursing. St. Louis, Missouri: Elsevier.

Chicago

Nies Mary A, McEwen Melanie, . 2024. Community/public health nursing. St. Louis, Missouri: Elsevier.

Harvard

Nies M. A., McEwen M., . (2024). Community/public health nursing. St. Louis, Missouri: Elsevier.

MLA

Nies Mary A, McEwen Melanie, . Community/public health nursing. St. Louis, Missouri: Elsevier. 2024.

  • Place hold
  • Print
  • Cite
  • Add to your cart (remove)
  • Save record
    BIBTEX Dublin Core MARCXML MARC (non-Unicode/MARC-8) MARC (Unicode/UTF-8) MARC (Unicode/UTF-8, Standard) MODS (XML) RIS
  • More searches
    Search for this title in:
    Other Libraries (WorldCat) Other Databases (Google Scholar) Online Stores (Bookfinder.com) Open Library (openlibrary.org)

Exporting to Dublin Core...

SOUTHVILLE LIBRARY

Southville International School and Colleges Library

1281 Tropical Ave. Cor. Luxembourg St., BF Homes International, Las Pinas City

Tel. No. 8256374 / 252358 Loc. 117/146

Powered by Koha